00462nam a2200157Ia 450000500170000000800410001704000190005804100120007708200150008910000240010424500780012826000470020630000160025365000250026985000100029420230601104607.0131103s9999 xx 000 0 und d aLoreto College aEnglish a809.3bKRU aKrutch, Joseph Wood aFive mastersb a study in the mutations of the novel cJoseph Wood Krutch aBloomingtonbIndian University Pressc1959 axiii,328p.  aFictions - Criticism aLCLIB